[Event "Mechanics' Winter TNM; G/2"]
[Site "San Francisco"]
[Date "2017.02.21"]
[Round "8.24"]
[White "Malykin, Erika"]
[Black "Giridharan, Durgashankar"]
[Result "1-0"]
[WhiteElo "1567"]
[BlackElo "1482"]
[PlyCount "45"]
[EventDate "2017.??.??"]

1. e4 c5 2. Nf3 d6 3. d4 cxd4 4. Qxd4 Nc6 5. Bb5 e5 6. Qd3 a6 7. Ba4 Nf6 8. Bd2
Be7 9. Nc3 Qb6 10. Nd5 Nxd5 11. exd5 Qxb2 12. O-O b5 13. Rfb1 Qxa1 14. Rxa1
bxa4 15. dxc6 O-O 16. Qe4 Be6 17. Qxa4 Rfc8 18. c4 h6 19. Rb1 f5 20. Rb7 Bf6
21. Ba5 e4 22. Nd2 d5 23. c7 1-0

[Event "Mechanics' Spring TNM; G/2"]
[Site "San Francisco"]
[Date "2017.04.18"]
[Round "6.25"]
[White "Malykin, Erika"]
[Black "Kuczek, Kevin W"]
[Result "0-1"]
[WhiteElo "1567"]
[BlackElo "1799"]
[PlyCount "82"]
[EventDate "2017.??.??"]

1. e4 e5 2. Nf3 Nc6 3. Bc4 Bc5 4. d3 h6 5. Nc3 d6 6. h3 Nf6 7. Bd5 O-O 8. Bxc6
bxc6 9. O-O a5 10. Qe2 Ba6 11. Be3 Bb6 12. Qd2 Re8 13. Na4 d5 14. Bxb6 cxb6 15.
exd5 cxd5 16. Rfe1 Qd6 17. Nc3 Re7 18. Nh4 Qd7 19. g4 d4 20. Ne4 Nxg4 21. hxg4
Qxg4+ 22. Ng2 f5 23. Nd6 Re6 24. f3 Qxf3 25. Rf1 Qg4 26. Nxf5 Rf8 27. Nxg7 Qxg7
28. Rxf8+ Kxf8 29. Rf1+ Rf6 30. Rxf6+ Qxf6 31. Qf2 Ke7 32. Qh4 Bb7 33. Qg3 Bxg2
34. Kxg2 Qg5 35. Qxg5+ hxg5 36. Kg3 Kf6 37. Kg4 Kg6 38. c3 dxc3 39. bxc3 Kf6
40. d4 exd4 41. cxd4 b5 0-1

[Event "Mechanics' Fall TNM; G/2 d5"]
[Site "San Francisco"]
[Date "2017.10.24"]
[Round "1.14"]
[White "Malykin, Erika"]
[Black "Lee, Grant"]
[Result "0-1"]
[WhiteElo "1540"]
[BlackElo "1991"]
[PlyCount "60"]
[EventDate "2017.??.??"]

1. e4 c6 2. d4 d5 3. e5 Bf5 4. c3 e6 5. Nf3 Qb6 6. Nbd2 c5 7. Qa4+ Nc6 8. Bb5
Rc8 9. c4 a6 10. Bxc6+ Qxc6 11. Qb3 dxc4 12. Qxc4 Ne7 13. Nb3 cxd4 14. Qxc6+
Nxc6 15. Nbxd4 Nxd4 16. Nxd4 Bd3 17. Be3 Bb4+ 18. Bd2 Bc5 19. Rc1 O-O 20. Nb3
Be7 21. f4 Rxc1+ 22. Nxc1 Be4 23. O-O Bc5+ 24. Kh1 Bd4 25. Re1 Bd5 26. b3 Rc8
27. Nd3 Rc2 28. Rc1 Bxg2+ 29. Kxg2 Rxd2+ 30. Kh1 h5 0-1

[Event "Mechanics' Fall TNM; G/2 d5"]
[Site "San Francisco"]
[Date "2017.11.07"]
[Round "3.26"]
[White "Malykin, Erika"]
[Black "Pane, Gianluca"]
[Result "0-1"]
[WhiteElo "1540"]
[BlackElo "1791"]
[PlyCount "110"]
[EventDate "2017.??.??"]

1. c4 c6 2. d4 d5 3. c5 b6 4. b4 a5 5. Bd2 axb4 6. Bxb4 Na6 7. Qa4 Bb7 8. Qb3
e5 9. e4 exd4 10. Bxa6 Bxa6 11. cxb6 Bc4 12. Qb2 Qxb6 13. Bc3 Qxb2 14. Bxb2
Bb4+ 15. Nd2 Nf6 16. exd5 Bxd5 17. f3 c5 18. a3 Ba5 19. O-O-O O-O 20. Ne2 Bc7
21. Kc2 Rfe8 22. Nc1 Bc6 23. Rde1 Nd5 24. Nd3 Ne3+ 25. Kc1 Bd6 26. g3 Bb5 27.
Nf2 f5 28. Nb3 Ba4 29. Nd2 c4 30. Bxd4 Bxa3+ 31. Bb2 c3 32. Bxa3 cxd2+ 33. Kxd2
Nc4+ 34. Kc3 Rxe1 35. Rxe1 Nxa3 36. Ra1 Bc6 37. f4 Nb5+ 38. Kb2 Rxa1 39. Kxa1
Kf7 40. Kb2 Nd6 41. Kc2 Ke6 42. Kd3 Kd5 43. Ke3 Ne4 44. Nd3 Nf6 45. h3 g6 46.
Ne5 Kd6 47. Kf2 Ne4+ 48. Ke3 Nxg3 49. Nf7+ Ke7 50. Ne5 Be8 51. h4 Kf6 52. Nf3
h6 53. Nh2 Bc6 54. Kf2 Nh5 55. Ke3 Bg2 0-1

[Event "Mechanics' Winter TNM; G/2"]
[Site "San Francisco"]
[Date "2017.01.24"]
[Round "4.18"]
[White "Malykin, Erika"]
[Black "Porlares, Teodoro"]
[Result "0-1"]
[WhiteElo "1567"]
[BlackElo "1875"]
[PlyCount "92"]
[EventDate "2017.??.??"]

1. e4 c6 2. Nc3 d5 3. exd5 cxd5 4. Bb5+ Bd7 5. Qe2 Nf6 6. Nf3 e6 7. d4 a6 8.
Bd3 Nc6 9. Bg5 Nb4 10. a3 Nxd3+ 11. Qxd3 Be7 12. Ne5 O-O 13. Nxd7 Qxd7 14. O-O
Rac8 15. Bxf6 Bxf6 16. Ne2 Qc7 17. c3 Qc4 18. Nf4 g6 19. Qxc4 Rxc4 20. Nd3 Rc7
21. f4 Rfc8 22. Rf3 h5 23. h3 a5 24. Kf2 Rc4 25. Ke2 Kg7 26. g3 b6 27. Ne5 Bxe5
28. fxe5 b5 29. Rc1 Rxd4 30. cxd4 Rxc1 31. Rb3 Rh1 32. h4 Rh2+ 33. Kf3 b4 34.
axb4 a4 35. Ra3 Rxb2 36. Rxa4 Rb3+ 37. Kf2 g5 38. hxg5 Kg6 39. b5 Rxb5 40. Ra3
Kxg5 41. Kf3 Rb4 42. Rd3 Kf5 43. Ke3 Kg4 44. Kf2 Kh3 45. Rf3 Rxd4 46. Rxf7 Re4
0-1

[Event "Mechanics' Peter Grey TNM; G/2 d5"]
[Site "San Francisco"]
[Date "2017.09.19"]
[Round "7.33"]
[White "Malykin, Erika"]
[Black "Torres, Julian"]
[Result "1-0"]
[WhiteElo "1534"]
[BlackElo "1311"]
[PlyCount "49"]
[EventDate "2017.??.??"]

1. e4 e6 2. d4 d5 3. Nc3 dxe4 4. Nxe4 Bd7 5. Nf3 Bc6 6. Bd3 Nd7 7. c4 Be7 8.
Be3 Ngf6 9. Nc3 O-O 10. O-O Bxf3 11. Qxf3 c6 12. Qg3 Re8 13. f4 Bf8 14. Rad1 g6
15. Be2 Rc8 16. f5 c5 17. fxe6 fxe6 18. d5 exd5 19. Nxd5 Ne4 20. Qf3 Ng5 21.
Bxg5 Qxg5 22. Qf7+ Kh8 23. Qxd7 Rxe2 24. Qh3 Bg7 $4 25. Qxc8+ 1-0

[Event "Mechanics' Spring TNM; G/2"]
[Site "San Francisco"]
[Date "2017.04.04"]
[Round "4.15"]
[White "Malykin, Erika"]
[Black "Turner, Jesse"]
[Result "0-1"]
[WhiteElo "1567"]
[BlackElo "1904"]
[PlyCount "64"]
[EventDate "2017.??.??"]

1. e4 c5 2. Nf3 Nc6 3. Nc3 Nf6 4. Bb5 d6 5. d4 cxd4 6. Qxd4 Bd7 7. Bxc6 Bxc6 8.
Bg5 e6 9. Bxf6 Qxf6 10. Qxf6 gxf6 11. a3 Rg8 12. Rg1 {Diagram [#]} f5 $1 13.
Nd4 Bxe4 14. Nxe4 fxe4 15. Nb5 Kd7 16. O-O-O a6 17. Nc3 f5 18. Na4 Kc6 19. Rd4
d5 20. c4 Bg7 21. cxd5+ exd5 22. Rb4 b5 23. Nc3 Bxc3 24. bxc3 f4 25. Kd2 Rg5
26. g3 a5 27. Rbb1 fxg3 28. Rxg3 Rf5 29. Rf1 Raf8 30. Ke2 Rf3 31. Rxf3 Rxf3 32.
Kd2 Kc5 0-1

[Event "Mechanics' Spring TNM; G/2"]
[Site "San Francisco"]
[Date "2017.03.21"]
[Round "2.36"]
[White "Malykin, Erika"]
[Black "White, Benjamin M"]
[Result "1-0"]
[WhiteElo "1567"]
[BlackElo "1296"]
[Annotator "Donaldson"]
[PlyCount "63"]
[EventDate "2017.??.??"]

1. e4 e5 2. Nf3 Nc6 3. Bc4 Nf6 4. Nc3 Bc5 5. d3 h6 6. h3 d6 7. O-O Be6 8. Bxe6
fxe6 9. Be3 Nd4 10. Bxd4 Bxd4 11. Qd2 Qd7 12. Nxd4 exd4 13. Ne2 e5 14. f4 O-O-O
15. fxe5 dxe5 16. Rf5 Qe6 17. Qa5 Nd5 18. Qxa7 Ne3 19. Qa8+ Kd7 20. Qa4+ c6 21.
Rf3 (21. Nxd4 $1) 21... Rhf8 {Diagram [#]} 22. Nxd4 $1 Qg6 23. Rxe3 exd4 24.
Qxd4+ Ke7 25. Qe5+ Kf7 26. Rg3 Qh7 27. Rf1+ Kg8 28. Qe6+ Kh8 29. Rxf8+ Rxf8 30.
Qe7 Qg8 31. Qxb7 Rf7 32. Qxc6 {
and White later realized her five pawn advantage.} 1-0

[Event "Mechanics' Fall TNM; G/2 d5"]
[Site "San Francisco"]
[Date "2017.11.21"]
[Round "5.23"]
[White "Malykin, Erika"]
[Black "Yanofsky, Kevin"]
[Result "1-0"]
[WhiteElo "1540"]
[BlackElo "1864"]
[Annotator "Donaldson"]
[PlyCount "79"]
[EventDate "2017.??.??"]

1. c4 c5 2. Nc3 g6 3. Nf3 Bg7 4. g3 Nc6 5. Bg2 d6 6. d3 e6 7. Bd2 Nge7 8. O-O
O-O 9. Rb1 b6 10. Qc1 Bb7 11. Bh6 Qd7 12. Bxg7 Kxg7 13. e3 Nf5 14. Nd2 h5 15.
Ne2 Nb4 16. Qc3+ e5 17. Bxb7 Qxb7 18. a3 Nc6 19. Nf4 Nce7 20. Ne4 f6 $4 (20...
Qd7 $11) 21. Ne6+ Kf7 22. Nxf8 Rxf8 23. Qe1 h4 24. f4 Qc6 25. g4 Rg8 26. Qf2 d5
27. cxd5 Nxd5 28. fxe5 Ndxe3 29. Qf3 Qa4 30. Nd6+ Ke6 31. Nxf5 Nxf1 32. Rxf1
gxf5 33. Qxf5+ Kd5 34. exf6+ Kd6 35. h3 Qd4+ 36. Rf2 Qe3 37. Qf4+ Qxf4 38. Rxf4
Ke6 39. f7 Rf8 40. Kf2 1-0

[Event "Mechanics' Fall TNM; G/2 d5"]
[Site "San Francisco"]
[Date "2017.10.31"]
[Round "2.18"]
[White "Marcus, Joel"]
[Black "Agdamag, Samuel"]
[Result "1-0"]
[WhiteElo "1920"]
[BlackElo "1432"]
[PlyCount "103"]
[EventDate "2017.??.??"]

1. d4 Nf6 2. Nf3 d6 3. Bf4 Nbd7 4. h3 c6 5. c3 Qc7 6. Nbd2 g6 7. e4 e5 8. Bh2
Bg7 9. Bd3 O-O 10. O-O Re8 11. Qb3 Nh5 12. Ng5 Nb6 13. a4 a5 14. Nc4 Nxc4 15.
Bxc4 Re7 16. dxe5 dxe5 17. Rad1 h6 18. Nf3 Be6 19. Rd2 Bxc4 20. Qxc4 Rd8 21.
Rfd1 Rxd2 22. Rxd2 Kh7 23. Qc5 b6 24. Qd6 f6 25. Ne1 Bh8 26. Nc2 Qb7 27. Ne3 b5
28. axb5 cxb5 29. g4 Nf4 30. f3 Nxh3+ 31. Kg2 Ng5 32. Nd5 Re6 33. Qd8 Nf7 34.
Qxa5 Ra6 35. Qb4 Ra4 36. Qb3 Rc4 37. Qd1 g5 38. Bg1 Kg6 39. b4 Bg7 40. Bc5 Rxc5
41. bxc5 Qa7 42. Qh1 Kh7 43. c6 Qc5 44. c7 Kh8 45. Qa1 Nd6 46. Qa8+ Kh7 47. Qd8
b4 48. cxb4 Qc6 49. Nxf6+ Bxf6 50. Qxd6 Qc3 51. Qd7+ Kg6 52. c8=Q 1-0

[Event "Mechanics' Peter Grey TNM; G/2 d5"]
[Site "San Francisco"]
[Date "2017.09.12"]
[Round "6.8"]
[White "Marcus, Joel"]
[Black "Gaffagan, Steven"]
[Result "1/2-1/2"]
[WhiteElo "1912"]
[BlackElo "2090"]
[PlyCount "42"]
[EventDate "2017.??.??"]

1. d4 Nf6 2. Nf3 g6 3. Bf4 d6 4. h3 Bg7 5. e3 O-O 6. Be2 c5 7. c4 Nc6 8. Nc3
cxd4 9. exd4 d5 10. c5 Ne4 11. Rc1 Nxd4 12. Nxd4 e5 13. O-O Nxc3 14. Rxc3 exf4
15. Rd3 Bd7 16. b4 a6 17. Bf3 Qg5 18. Bxd5 Qxd5 19. Nf3 Qc4 20. Rxd7 Qxb4 21.
Qd5 Rac8 1/2-1/2

[Event "Mechanics' Summer TNM; G/2 d5"]
[Site "San Francisco"]
[Date "2017.06.20"]
[Round "5.17"]
[White "Marcus, Joel"]
[Black "Gurovich, Roman"]
[Result "1-0"]
[WhiteElo "1919"]
[BlackElo "1679"]
[PlyCount "82"]
[EventDate "2017.??.??"]

1. d4 f5 2. Nf3 g6 3. Bf4 Nf6 4. e3 Bg7 5. Nbd2 d6 6. Be2 O-O 7. h4 h6 8. c3 e6
9. Qb3 Qe7 10. O-O-O b6 11. Nh2 Nc6 12. g4 Na5 13. Qc2 e5 14. dxe5 dxe5 15. Bg3
f4 16. exf4 exf4 17. Rhe1 Qf7 18. Bxf4 Qxa2 19. Bf3 Bb7 20. Bxb7 Nxb7 21. Qxg6
Qf7 22. Qxf7+ Rxf7 23. Bg3 Nc5 24. Kc2 a5 25. f3 Kf8 26. Nc4 Nh7 27. Ne5 Bxe5
28. Bxe5 Rc8 29. f4 Nd7 30. Nf3 Kg8 31. Nd4 Nxe5 32. fxe5 Rf2+ 33. Kb3 c5 34.
Nf5 Re8 35. e6 Nf8 36. e7 Rxf5 37. gxf5 Nh7 38. Rd8 Kf7 39. Rxe8 Kxe8 40. Kc4
Nf6 41. Kb5 Nd5 1-0

[Event "Mechanics' Spring TNM; G/2"]
[Site "San Francisco"]
[Date "2017.03.14"]
[Round "1.21"]
[White "Marcus, Joel"]
[Black "James, Charles"]
[Result "1-0"]
[WhiteElo "1918"]
[BlackElo "1435"]
[PlyCount "45"]
[EventDate "2017.??.??"]

1. d4 d5 2. Bf4 c6 3. c3 Bf5 4. Nf3 Nd7 5. e3 Ngf6 6. Nbd2 e6 7. Be2 Nh5 8. Bg3
Nxg3 9. hxg3 h6 10. O-O Bd6 11. c4 Bc7 12. b4 dxc4 13. Nxc4 b5 14. Nce5 Nxe5
15. Nxe5 Qd5 16. Bf3 Be4 17. Rc1 Bxe5 18. dxe5 Bxf3 19. Qxf3 Qxf3 20. gxf3 Rc8
21. Rfd1 O-O 22. Rd6 Rfd8 23. Rcxc6 {
and White went on to win . Remaining moves unavailable.} 1-0

[Event "Mechanics' Fall TNM; G/2 d5"]
[Site "San Francisco"]
[Date "2017.12.05"]
[Round "7.15"]
[White "Marcus, Joel"]
[Black "MacIntyre, Brendan"]
[Result "1-0"]
[WhiteElo "1920"]
[BlackElo "1560"]
[Annotator "Donaldson"]
[PlyCount "91"]
[EventDate "2017.??.??"]

1. d4 d5 2. Bf4 Nf6 3. Nf3 Bf5 4. e3 e6 5. c3 Bd6 6. Nbd2 Bxf4 7. exf4 Nbd7 8.
Ne5 c5 9. Ndf3 O-O 10. Bd3 Bxd3 11. Qxd3 Ne4 12. O-O Rc8 13. Nxd7 Qxd7 14. Ne5
Qe7 15. f3 Nd6 16. Rfe1 cxd4 17. Qxd4 b6 18. Qd3 Qc7 19. Kh1 Nc4 20. Re2 Rfd8
21. Rae1 Nxe5 22. Rxe5 Qc4 23. Qd2 Qxa2 24. f5 exf5 25. Rxf5 Qc4 26. Rfe5 a5
27. Qe3 Qc6 28. Re7 a4 29. Qf4 Rf8 30. Qe5 b5 31. h3 a3 32. bxa3 Qxc3 33. Qxd5
Qc4 34. Qb7 g6 35. Qb6 Rb8 36. Qf6 Qb3 37. h4 h5 38. g4 Qd5 39. R7e5 Qd7 40.
Kh2 Rfe8 41. gxh5 Rxe5 42. Qxe5 Rf8 43. hxg6 fxg6 44. Rg1 Kh7 45. h5 Rxf3 46.
hxg6+ {
Both scoresheets stop in this position, which should be drawn with best play.}
1-0

[Event "Mechanics' Peter Grey TNM; G/2 d5"]
[Site "San Francisco"]
[Date "2017.08.29"]
[Round "4.22"]
[White "Marcus, Joel"]
[Black "Malykin, Erika"]
[Result "1-0"]
[WhiteElo "1912"]
[BlackElo "1534"]
[PlyCount "51"]
[EventDate "2017.??.??"]

1. d4 Nf6 2. Nf3 e6 3. Bf4 Nc6 4. e3 d5 5. Nbd2 Bb4 6. c3 Bd6 7. Bg3 Ng4 8. Bd3
a6 9. e4 Bxg3 10. hxg3 e5 11. exd5 Qxd5 12. Bc4 Qd6 13. Ne4 Qe7 14. d5 Bf5 15.
Nfg5 O-O-O 16. Qf3 Bxe4 17. Nxe4 Nxf2 18. Qxf2 Na5 19. b3 b5 20. Qa7 Nxc4 21.
bxc4 Qa3 22. Qa8+ Kd7 23. Qc6+ Kc8 24. O-O Qa5 25. c5 Kb8 26. Rxf7 1-0

[Event "Mechanics' Summer TNM; G/2 d5"]
[Site "San Francisco"]
[Date "2017.06.06"]
[Round "3.15"]
[White "Marcus, Joel"]
[Black "Mondal, Aniket"]
[Result "1-0"]
[WhiteElo "1919"]
[BlackElo "1326"]
[PlyCount "77"]
[EventDate "2017.??.??"]

1. d4 Nf6 2. Nf3 g6 3. Bf4 d6 4. e3 Bg7 5. h3 O-O 6. Be2 Nbd7 7. O-O Re8 8. c4
d5 9. Nc3 c6 10. Rc1 e6 11. b4 dxc4 12. b5 Nd5 13. bxc6 Nxf4 14. exf4 bxc6 15.
Bxc4 Nb6 16. Be2 Bb7 17. Ne4 Rc8 18. Ne5 Qe7 19. Qc2 Red8 20. Rfd1 Qh4 21. g3
Qe7 22. Qc5 Qc7 23. Ng5 Rf8 24. Bg4 Kh8 25. Qc2 Qe7 26. h4 Nd7 27. h5 Bxe5 28.
dxe5 Nxe5 29. hxg6 fxg6 30. Bxe6 Nf3+ 31. Nxf3 Qxe6 32. Re1 Qf6 33. Rcd1 Rcd8
34. Ne5 Rfe8 35. Qb3 Rxd1 36. Rxd1 Re7 37. Rd8+ Kg7 38. Qg8+ Kh6 39. Ng4+ 1-0

[Event "Mechanics' Peter Grey TNM; G/2 d5"]
[Site "San Francisco"]
[Date "2017.09.26"]
[Round "8.16"]
[White "Marcus, Joel"]
[Black "Rakonitz, David"]
[Result "1-0"]
[WhiteElo "1912"]
[BlackElo "1623"]
[Annotator "Donaldson"]
[PlyCount "79"]
[EventDate "2017.??.??"]

1. d4 Nf6 2. Nf3 e6 3. Bf4 b6 4. e3 Bb7 5. h3 Be7 6. Nbd2 d6 7. Be2 Nbd7 8. O-O
O-O 9. Bh2 c5 10. c3 Ne4 11. Nxe4 Bxe4 12. Nd2 Bb7 13. Bf3 Qc7 14. a4 Rac8 15.
Qe2 Bxf3 16. Qxf3 Qc6 17. Rfd1 cxd4 18. exd4 Nf6 19. Re1 Qd5 20. Qd3 Rfe8 21.
Re3 Qh5 22. Rae1 Nd5 23. Rg3 Bh4 24. Rf3 Red8 25. Qa6 Rc7 26. Ne4 Be7 27. Qe2
Nf6 28. Ng3 Qa5 29. Qc2 Qd5 30. Ne2 Qa2 31. Nf4 Rdc8 32. Nd3 {Diagram [#]} Rxc3
$1 33. Qe2 Rc2 34. Qe3 Qxa4 35. Nf4 Qc4 36. Bg3 Nd5 37. Nxd5 Qxd5 38. Kh2 Bg5
39. Qa3 Qc4 $2 (39... a5 $19) 40. Qxa7 {
White later won in time pressure. Remaining moves unavailable.} 1-0

[Event "Mechanics' Fall TNM; G/2 d5"]
[Site "San Francisco"]
[Date "2017.11.21"]
[Round "5.17"]
[White "Marcus, Joel"]
[Black "Schneider, Stephen"]
[Result "1-0"]
[WhiteElo "1920"]
[BlackElo "1402"]
[PlyCount "83"]
[EventDate "2017.??.??"]

1. d4 d5 2. Bf4 Nf6 3. Nf3 Nc6 4. e3 h6 5. c4 Bf5 6. Nc3 e6 7. Bd3 Be4 8. c5 a6
9. Bxe4 Nxe4 10. Nxe4 dxe4 11. Nd2 g5 12. Bg3 h5 13. h3 f5 14. Qb3 Qc8 15.
O-O-O Ne7 16. Be5 Rg8 17. f3 exf3 18. gxf3 Bg7 19. f4 Bxe5 20. dxe5 b6 21. e4
c6 22. exf5 exf5 23. fxg5 Nd5 24. h4 Qe6 25. Nf3 O-O-O 26. Rhe1 Qe7 27. Qc2
Rdf8 28. Nd4 Kc7 29. Nxf5 Qh7 30. Nd6 Qxc2+ 31. Kxc2 Kd7 32. a4 Rf3 33. Ra1 b5
34. Kd2 Ke6 35. Rf1 Rxf1 36. Rxf1 Kxe5 37. Kd3 Ke6 38. Rf7 Ne7 39. Rf6+ Kd7 40.
Ne4 Rg6 41. Rxg6 Nxg6 42. Nf6+ 1-0

[Event "Mechanics' Peter Grey TNM; G/2 d5"]
[Site "San Francisco"]
[Date "2017.09.26"]
[Round "8.38"]
[White "Marquez, Martin"]
[Black "Erdenebileg, Dashzveg"]
[Result "1-0"]
[WhiteElo "1475"]
[BlackElo "991"]
[PlyCount "33"]
[EventDate "2017.??.??"]

1. d4 d5 2. c4 dxc4 3. e3 Be6 4. Nc3 Bd5 5. e4 Bc6 6. Bxc4 e6 7. Nge2 Bb4 8.
O-O Bxc3 9. Nxc3 Ne7 10. Bg5 h6 11. Bh4 Qd7 12. d5 exd5 13. exd5 b5 14. Bxe7
Kxe7 15. Qe2+ Kd8 16. dxc6 Qxc6 17. Rad1+ 1-0

[Event "Mechanics' Fall TNM; G/2 d5"]
[Site "San Francisco"]
[Date "2017.11.14"]
[Round "4.23"]
[White "Marquez, Martin"]
[Black "Krasnov, Steven"]
[Result "1-0"]
[WhiteElo "1510"]
[BlackElo "1970"]
[Annotator "Donaldson"]
[PlyCount "69"]
[EventDate "2017.??.??"]

1. d4 Nf6 2. Bg5 e6 3. e4 Be7 4. e5 Nd5 5. Bxe7 Qxe7 6. c4 Nf4 7. Qd2 Ng6 8.
Bd3 d6 9. Nf3 Nd7 10. exd6 cxd6 11. O-O O-O 12. Re1 Re8 13. Nc3 a6 14. Rac1 b6
15. Be4 Rb8 16. Bc6 Bb7 17. Nd5 Qd8 18. Bxd7 Qxd7 19. Nxb6 Qc6 20. Qa5 Nf4 21.
Rcd1 Nxg2 $5 22. d5 exd5 $2 (22... Qc7 23. Kxg2 Ba8 $11) 23. Rxe8+ Rxe8 24.
cxd5 $2 (24. Kxg2 dxc4 25. Nd5) 24... Qc2 25. Qd2 Qf5 (25... Qg6) 26. Nd4 Qg6
27. Kh1 Nh4 28. f3 Qf6 29. Re1 Rxe1+ (29... Qd8) 30. Qxe1 Qd8 $4 {Diagram [#]}
(30... h5) 31. Nc6 $1 Bxc6 32. dxc6 Ng6 33. Qc3 Qc7 34. Nd5 Qc8 35. c7 1-0

[Event "Mechanics' Peter Grey TNM; G/2 d5"]
[Site "San Francisco"]
[Date "2017.08.08"]
[Round "1.13"]
[White "Marquez, Martin"]
[Black "Krasnov, Steven"]
[Result "1-0"]
[WhiteElo "1475"]
[BlackElo "2028"]
[PlyCount "80"]
[EventDate "2017.??.??"]

1. d4 d6 2. c4 Nf6 3. Nc3 g6 4. Nf3 Bg7 5. e3 O-O 6. Be2 c6 7. O-O Nbd7 8. b3
Qc7 9. h3 e5 10. Qc2 Re8 11. Bd3 b6 12. Bb2 Bb7 13. Rac1 Rac8 14. Rfe1 Qb8 15.
Qb1 a6 16. a4 Nh5 17. Ng5 exd4 18. exd4 Bxd4 19. Nce4 Be5 20. Nf3 f5 21. Nxe5
dxe5 22. Ng5 h6 23. g4 Ng7 24. gxf5 hxg5 25. f6 Nxf6 26. Bxg6 Re7 27. Qa1 Nd7
28. Rcd1 Qc7 29. Qc1 Ne6 30. Bf5 Kf7 31. Qc2 Rg8 32. Bh7 Rg7 33. Qf5+ Ke8 34.
Rxe5 Ndf8 35. Rxe6 Rxh7 36. Red6 Rd7 37. Re6+ Rhe7 38. Rxe7+ Rxe7 39. Bf6 Bc8
40. Qf3 Rf7 {from this point forward the scoresheets are unplayable, i.e.
White's next move is Qxc6+. White eventually won on time around move 100 with
R, B + P vs. R+B.} 1-0

[Event "Mechanics' Peter Grey TNM; G/2 d5"]
[Site "San Francisco"]
[Date "2017.08.22"]
[Round "3.8"]
[White "Marquez, Martin"]
[Black "Lum, Michael K"]
[Result "0-1"]
[WhiteElo "1475"]
[BlackElo "1981"]
[PlyCount "68"]
[EventDate "2017.??.??"]

1. d4 Nf6 2. c4 e6 3. Nf3 b6 4. Nc3 Bb4 5. Bd2 O-O 6. e3 Ba6 7. Bd3 d5 8. b3
Nbd7 9. O-O Qe7 10. Nb5 Rfc8 11. a3 Bxd2 12. Qxd2 Bb7 13. Nc3 Rd8 14. Qc2 dxc4
15. bxc4 e5 16. d5 Nc5 17. e4 Nh5 18. Rfe1 Nf4 19. Bf1 Bc8 20. g3 Nh3+ 21. Kh1
Qf6 22. Bg2 Bg4 23. Re3 a6 24. Rf1 Qd6 25. Ng1 Nxg1 26. Kxg1 Bd7 27. f4 Rf8 28.
a4 Rae8 29. f5 f6 30. Ra1 Rb8 31. Rb1 Nb7 32. Nd1 Qc5 33. Kh1 Nd6 34. Nb2 $4 (
34. Rc3 $11) 34... Qxe3 {and ...0-1.} 0-1

[Event "Mechanics' Fall TNM; G/2 d5"]
[Site "San Francisco"]
[Date "2017.11.21"]
[Round "5.16"]
[White "Marquez, Martin"]
[Black "Perlov, Alexander"]
[Result "0-1"]
[WhiteElo "1510"]
[BlackElo "1427"]
[PlyCount "92"]
[EventDate "2017.??.??"]

1. d4 Nf6 2. Bg5 d5 3. Nd2 Bf5 4. f3 h6 5. Bxf6 exf6 6. e4 dxe4 7. fxe4 Bg6 8.
Ngf3 Nd7 9. Bc4 Be7 10. O-O c5 11. c3 O-O 12. Nh4 Bh7 13. Qh5 cxd4 14. cxd4 Nb6
15. Bb3 Qxd4+ 16. Rf2 Bc5 17. Raf1 Qe5 18. Qg4 Qg5 19. Qxg5 fxg5 20. Nf5 Rad8
21. Kh1 Bxf2 22. Rxf2 Rd7 23. g4 Bxf5 24. exf5 Rd4 25. h3 Rfd8 26. Nf3 Rf4 27.
Bc2 Nd5 28. Bd1 Nf6 29. Bc2 Ne4 30. Bxe4 Rxe4 31. Rc2 Re3 32. Kg2 Rdd3 33. Ng1
Kf8 34. Kf2 Re8 35. Nf3 Re4 36. Nd2 Rf4+ 37. Kg2 Ke7 38. Nc4 Rff3 39. Ne5 Rg3+
40. Kf2 Rde3 41. Rc7+ Kd6 42. Nc4+ Kxc7 43. Nxe3 Rxh3 44. Nf1 Kd6 45. Nd2 Kd5
46. Kg2 Rd3 0-1

[Event "Mechanics' Peter Grey TNM; G/2 d5"]
[Site "San Francisco"]
[Date "2017.09.12"]
[Round "6.30"]
[White "Marquez, Martin"]
[Black "Tuck, Drew"]
[Result "1/2-1/2"]
[WhiteElo "1475"]
[BlackElo "1624"]
[Annotator "Donaldson"]
[PlyCount "94"]
[EventDate "2017.??.??"]

1. d4 d5 2. c4 e6 3. Nf3 c5 4. cxd5 exd5 5. dxc5 Bxc5 6. e3 Nf6 7. Nc3 O-O 8.
Be2 Nc6 9. O-O Re8 10. Qb3 Rb8 11. a3 Be6 12. Qc2 h6 13. b4 Bb6 14. Bb2 Qe7 15.
Na4 Bc7 16. Nc5 Bg4 17. Rfe1 Qd6 18. g3 Ne4 19. Nd3 Rbd8 20. Rac1 Bb6 21. Rcd1
Qe7 22. Ba1 Nf6 23. Nf4 g5 24. Bxf6 Qxf6 25. Nxd5 Rxd5 26. Rxd5 Bxf3 27. Rf5
Qg6 28. Bxf3 Nd4 29. exd4 Rxe1+ 30. Kg2 Bxd4 31. Bxb7 Re5 32. Be4 Rxf5 33. Bxf5
Qf6 34. g4 Qe5 35. Qe4 $2 {
White needed to keep the queens on the board to have any winning chances.} Kg7
36. a4 Qxe4+ 37. Bxe4 Kf6 38. Bd5 Ke7 39. f3 f6 40. h3 Kd6 41. Bc4 Bc3 42. b5
Kc5 43. Bb3 Kb4 44. Bd1 Bd4 45. Kf1 Be5 46. Ke2 Bf4 47. Kd3 Be5 {
and later drawn. Remaining moves unavailable.} 1/2-1/2

[Event "Mechanics' Winter TNM; G/2"]
[Site "San Francisco"]
[Date "2017.01.03"]
[Round "1.23"]
[White "Marrus, Matthew"]
[Black "Andries, W Craig"]
[Result "0-1"]
[WhiteElo "1264"]
[BlackElo "1837"]
[PlyCount "46"]
[EventDate "2017.??.??"]

1. e4 g6 2. Nf3 Bg7 3. d4 d6 4. Nc3 a6 5. Bc4 Nf6 6. O-O O-O 7. Re1 Nc6 8. d5
Na5 9. Bb3 Nxb3 10. axb3 Bg4 11. e5 Bxf3 12. Qxf3 dxe5 13. Rxe5 h6 14. Ne4 Nh7
15. Bxh6 Bxh6 16. Ng3 Bg7 17. Re4 Ng5 18. Qg4 Nxe4 19. Nxe4 f5 20. Qxg6 fxe4
21. Qxe4 Qd6 22. Re1 Rae8 23. c4 Qf6 0-1

[Event "Mechanics' Winter TNM; G/2"]
[Site "San Francisco"]
[Date "2017.01.24"]
[Round "4.41"]
[White "Marrus, Matthew"]
[Black "Giridharan, Durgas"]
[Result "0-1"]
[WhiteElo "1264"]
[BlackElo "1482"]
[PlyCount "78"]
[EventDate "2017.??.??"]

1. e4 c5 2. Bc4 Nc6 3. Nf3 Nf6 4. Nc3 e6 5. d3 d5 6. Bb3 dxe4 7. dxe4 Qxd1+ 8.
Nxd1 Nxe4 9. O-O Be7 10. Ne3 O-O 11. Re1 Ng5 12. Nd2 h6 13. Ndc4 b5 14. Nd2 c4
15. Ndxc4 bxc4 16. Bxc4 Rd8 17. c3 e5 18. Bb5 Bb7 19. Nf5 Bf6 20. Be3 Ne6 21.
a4 Nc7 22. Bc4 Bc8 23. Bb5 Bxf5 24. Bxc6 Rab8 25. b4 Nd5 26. Bxa7 Rbc8 27. b5
Nxc3 28. Bb6 Rd3 29. a5 Bd7 30. Bb7 Rb8 31. a6 Nxb5 32. Rab1 Bc8 33. Rxb5 Bxb7
34. axb7 Rxb7 35. h3 Bd8 36. Ra1 Kh7 37. Ra6 Rd6 38. Bxd8 Rd1+ 39. Kh2 Rxb5 0-1

[Event "Mechanics' Winter TNM; G/2"]
[Site "San Francisco"]
[Date "2017.02.07"]
[Round "6.41"]
[White "Marrus, Matthew"]
[Black "Yamamoto, Craig"]
[Result "1/2-1/2"]
[WhiteElo "1264"]
[BlackElo "1500"]
[PlyCount "98"]
[EventDate "2017.??.??"]

1. e4 c5 2. Bc4 e6 3. Nf3 Nc6 4. Nc3 a6 5. d3 b5 6. Bb3 Na5 7. O-O Nxb3 8. axb3
Bb7 9. Re1 Nf6 10. Bg5 Be7 11. Qd2 O-O 12. Ne2 d5 13. exd5 Bxd5 14. c4 Bxf3 15.
gxf3 Nd7 16. Bf4 b4 17. Kh1 Bf6 18. Rg1 g6 19. Bh6 Bg7 20. d4 a5 21. Bg5 f6 22.
Bh6 Qe7 23. Ng3 cxd4 24. Bxg7 Kxg7 25. Nh5+ Kh8 26. Nf4 Qf7 27. Qxd4 e5 28.
Nxg6+ hxg6 29. Qh4+ Kg7 30. Rxg6+ Qxg6 31. Rg1 Qxg1+ 32. Kxg1 Rf7 33. Qe4 Rc8
34. h4 f5 35. Qb7 Rc5 36. Qa6 Nf6 37. Qd6 Rfc7 38. Qd3 Kg6 39. Kg2 e4 40. Qe3
exf3+ 41. Kxf3 Ne4 42. Kg2 Kf6 43. f3 Rg7+ 44. Kh1 Ng3+ 45. Kg2 Ne4+ 46. Kh1
Ng3+ 47. Kg2 Ne4+ 48. Kh1 Ng3+ 49. Kg2 Ne4+ 1/2-1/2